Evolution of rural settlements in West Bengal 1850 (Record no. 504127)

MARC details
000 -LEADER
fixed length control field 00768nam a2200253Ia 4500
003 - CONTROL NUMBER IDENTIFIER
control field OSt
005 - DATE AND TIME OF LATEST TRANSACTION
control field 20220925183158.0
008 - FIXED-LENGTH DATA ELEMENTS--GENERAL INFORMATION
fixed length control field 220923b |||||||| |||| 00| 0 eng d
037 ## - SOURCE OF ACQUISITION
Terms of availability General Book
040 ## - CATALOGING SOURCE
Original cataloging agency RTL
Transcribing agency RTL
Language of cataloging eng
041 ## - LANGUAGE CODE
Source of code eng
Language code of text/sound track or separate title eng
100 ## - MAIN ENTRY--PERSONAL NAME
Personal name Sen Sukla
9 (RLIN) 257923
245 #0 - TITLE STATEMENT
Title Evolution of rural settlements in West Bengal 1850
260 ## - PUBLICATION, DISTRIBUTION, ETC.
Place of publication, distribution, etc. Delhi
Name of publisher, distributor, etc. Daya Publishing House
Date of publication, distribution, etc. 1989
300 ## - PHYSICAL DESCRIPTION
Extent xx,168p
Dimensions cm.
500 ## - GENERAL NOTE
General note Bibliography P 159-64; Glossary P 153-58
650 ## - SUBJECT ADDED ENTRY--TOPICAL TERM
Topical term or geographic name entry element Rural Geography
700 ## - ADDED ENTRY--PERSONAL NAME
Personal name Sen Jyotirmoy
9 (RLIN) 257924
942 ## - ADDED ENTRY ELEMENTS (KOHA)
Classification part U44.275.N85<--M50, M9
Koha item type General Books
Source of classification or shelving scheme Colon Classification (CC)
Holdings
Withdrawn status Lost status Damaged status Not for loan Home library Current library Date acquired Total Checkouts Full call number Barcode Date last seen Price effective from Koha item type
        Ratan Tata Library Ratan Tata Library 2022-09-25   U44.275.N85<--M50 M9 RT1006230 2022-09-25 2022-09-25 General Books
Copyright @ Delhi University Library System